000 01055cam a2200337 a 4500
001 2916
003 FISKH
005 20240712135859.0
008 110726s2012 nyuab j b 001 0 eng
010 _a 2011031074
020 _a9780531246795 (lib. bdg.)
020 _a0531246795 (lib. bdg.)
020 _a9780531282731 (pbk.)
020 _a0531282732 (pbk.)
040 _aDLC
_cDLC
_dDLC
_beng
042 _apcc
050 0 0 _aGC21.5
_b.G737 2012
082 0 0 _a551.46
_223
100 1 _aGray, Susan Heinrichs.
245 1 0 _aOceanography the study of oceans /
_cSusan H. Gray.
260 _aNew York:
_bScholastic,
_c2012
300 _a48 pages :
_bcolor illustrations ;
_c22 cm.
490 0 _aA true book
505 _aR
520 _aDiscover how the ocean changes as it goes deeper, how deep sea animals survive in harsh environments, and more.
521 8 _a720
_bLexile
521 8 _aR
_bRaz-Plus
650 0 _aOceanography
_vJuvenile literature.
906 _a7
_bcbc
_corignew
_d1
_eecip
_f20
_gy-gencatlg
942 _2ddc
_cBK
_n0
999 _c2916
_d2916